00545nam a2200193Ia 45000010006000000050017000060070003000230080041000260400025000670410008000920820024001001000024001242450083001482500014002312600043002453000019002886530024003076530020003315355820240114005349.0ta080101s2008 ii g b000 u asm u aCotton College,Assam aasm a891.4108bKa 124 Da aKalita, Dandinath . 0aDandinath Kalita Rachanavali: Part- 11 /cDandinath Kalita.hTextual Documents aIst ed. / aGuwahati :bPublication Board ,c2008. a757pg ;c19cm. aAssamese literature aDeptt- Assamese